000
00296nam a22001097a 4500
008
230626b xxu||||| |||| 00| 0 eng d
082
_a
330.9
_b
GLO 1993
245
_a
African Social and Economic Trends
260
_a
USA
_b
The Global Coalition for Africa
_c
1993
300
_a
IV,101p
942
_2
ddc
_c
BK
999
_c
2646
_d
2646